Kto zagrał w tym filmie #3? - Statystyki

Ogólne statystyki
  • Ten quiz został rozwiązany 9 razy
  • Średni wynik to 6 z 20
Statystyki odpowiedzi
Filmy Gwiazda % Poprawnych
Barbie, Oddział Samobójców, Jestem najlepsza. Ja, Tonya Margot Robbie
78%
Strażnicy Galaktyki, Lego: Przygoda, Park Jurajski Chris Pratt
67%
Głupi i głupszy, Truman Show, Ace Ventura: Psi detektyw Jim Carrey
67%
Taniec z wilkami, Nietykalni, Waterworld Kevin Costner
56%
Moulin Rouge!, Oczy szeroko zamknięte, Wzgórze nadziei Nicole Kidman
56%
X-Men, Prestiż, Król rozrywki Hugh Jackman
33%
Czarna Pantera, Creed: Narodziny legendy, Tylko sprawiedliwość Michael B. Jordan
33%
Wpadka, Anchorman, Ant-Man Paul Rudd
33%
21 Jump Street, Świat w płomieniach, Magic Mike Channing Tatum
22%
E.T., Charlie's Angels, 50 pierwszych randek Drew Barrymore
22%
Legalna blondynka, Spacer po linie, Election Reese Witherspoon
22%
Dyktator, Dzisiejsze czasy, Światła wielkiego miasta Charles Chaplin
11%
Swobodny jeździec, Blue Velvet, Speed: Niebezpieczna prędkość Dennis Hopper
11%
Okruchy dnia, To właśnie miłość, Harry Potter i więzień Azkabanu Emma Thompson
11%
Thelma i Louise, Ich własna liga, Sok z żuka Geena Davis
11%
Piątek, Chłopaki z sąsiedztwa, Barbershop Ice Cube
11%
Dźwięki muzyki, Mary Poppins, Pamiętnik księżniczki Julie Andrews
11%
Świat Wayne'a, Austin Powers, Poślubiłem morderczynię Mike Myers
11%
Pracująca dziewczyna, Szkoła rocka, Zabijanie na śniadanie Joan Cusack
0%
Old School: Niezaliczona, Idiokracja, Genialny klan Luke Wilson
0%
Nie znaleziono quizów pasujących do podanych kryteriów
Rozkład punktacji
Procent ludzi z każdym wynikiem
Percentyl według liczby udzielonych odpowiedzi
Twoja historia wyników
Nie rozwiązałeś tego quizu